<?xml version="1.0" encoding="UTF-8"?>
<collection xmlns:xsi="http://www.w3.org/2001/XMLSchema-instance" xsi:schemaLocation="http://www.loc.gov/MARC21/slim http://www.loc.gov/standards/marcxml/schema/MARC21slim.xsd" xmlns="http://www.loc.gov/MARC21/slim">
 <record>
  <leader>00000cam a22000004i 4500</leader>
  <controlfield tag="001">UP-8027390931312503003</controlfield>
  <controlfield tag="003">Buklod</controlfield>
  <controlfield tag="005">20190306114840.0</controlfield>
  <controlfield tag="006">o--- |     ||   ||</controlfield>
  <controlfield tag="007">ta</controlfield>
  <controlfield tag="008">180412t20182018enkab   rb   |001 0|eng d</controlfield>
  <datafield tag="020" ind1=" " ind2=" ">
   <subfield code="a">9781138103726 (hbk)</subfield>
  </datafield>
  <datafield tag="035" ind1=" " ind2=" ">
   <subfield code="a">(iLib)UPCEB-00011391045</subfield>
  </datafield>
  <datafield tag="040" ind1=" " ind2=" ">
   <subfield code="a">BTCTA</subfield>
   <subfield code="b">eng</subfield>
   <subfield code="c">BTCTA</subfield>
   <subfield code="e">rda</subfield>
   <subfield code="d">YDX</subfield>
   <subfield code="d">BDX</subfield>
   <subfield code="d">CDX</subfield>
   <subfield code="d">OCLCF</subfield>
   <subfield code="d">GZM</subfield>
   <subfield code="d">CSAIL</subfield>
   <subfield code="d">HRM</subfield>
   <subfield code="d">CBY</subfield>
   <subfield code="d">DLC</subfield>
  </datafield>
  <datafield tag="041" ind1="1" ind2=" ">
   <subfield code="a">eng</subfield>
   <subfield code="h">jpn</subfield>
  </datafield>
  <datafield tag="042" ind1=" " ind2=" ">
   <subfield code="a">lccopycat</subfield>
  </datafield>
  <datafield tag="050" ind1="0" ind2="0">
   <subfield code="a">DS889.5 .M699 2018</subfield>
  </datafield>
  <datafield tag="090" ind1=" " ind2="0">
   <subfield code="a">DS 889.5</subfield>
   <subfield code="b">M59 2018</subfield>
  </datafield>
  <datafield tag="100" ind1="1" ind2=" ">
   <subfield code="a">Miyagi, Taizao</subfield>
   <subfield code="d">1968-</subfield>
   <subfield code="e">author.</subfield>
  </datafield>
  <datafield tag="245" ind1="1" ind2="0">
   <subfield code="a">Japan's quest for stability in Southeast Asia</subfield>
   <subfield code="b">navigating the turning points in postwar Asia</subfield>
   <subfield code="c">Taizo Miyagi ; translated by Hanabusa Midori.</subfield>
  </datafield>
  <datafield tag="264" ind1=" " ind2="1">
   <subfield code="a">Tokyo</subfield>
   <subfield code="b">Japan Publishing Industry Foundation for Culture</subfield>
   <subfield code="c">2018.</subfield>
  </datafield>
  <datafield tag="300" ind1=" " ind2=" ">
   <subfield code="a">xviii, 134 pages</subfield>
   <subfield code="b">illustrations, map</subfield>
   <subfield code="c">25 cm.</subfield>
  </datafield>
  <datafield tag="490" ind1="0" ind2=" ">
   <subfield code="a">Routledge contemporary Japan series</subfield>
   <subfield code="v">72.</subfield>
  </datafield>
  <datafield tag="490" ind1="0" ind2=" ">
   <subfield code="a">Japan library.</subfield>
  </datafield>
  <datafield tag="500" ind1=" " ind2=" ">
   <subfield code="a">&quot;Originally published in Japan by Chikumashobo Ltd., in 2008&quot;--Title page verso.</subfield>
  </datafield>
  <datafield tag="504" ind1=" " ind2=" ">
   <subfield code="a">Includes bibliographical references and index.</subfield>
  </datafield>
  <datafield tag="505" ind1="0" ind2=" ">
   <subfield code="a">1. The birth of &quot;Asia&quot;: the Bandung conference and Japan's dilemma -- 2. Japan's &quot;southward advance&quot; and its repercussions: between independence and the Cold War -- 3. Seeking to influence the course of decolonization: Japan's rivalry with the United Kingdom, tug-of-war with China -- 4. The turning point of post-war Asia - 1965 -- 5. The thawing of the Asian Cold War: US-China rapprochement, and the emergence of the &quot;China Issue&quot; -- Epilogue.</subfield>
  </datafield>
  <datafield tag="520" ind1=" " ind2=" ">
   <subfield code="a">More than any other region in the world, Asia has witnessed tremendous change in the post-war era. A continent once engulfed by independence and revolution, and later by the Cold War and civil war, has now been transformed into the world's most economically dynamic region. what caused this change in Asia? The key to answering this question lies in the post-war history of maritime Asia and, in particular, the path taken by the maritime nation of Japan. Analyzing the importance of Japan's relationship with Southeast Asia, this book aims to illustrate the hidden trail left by Japan during the period of upheaval that has shaped Asia today - an era marked by the American Cold War strategy, the dissolution of the British Empire in Asia, and the rise of China. It provides a comprehensive account of post-war maritime Asia, making use of internationally sourced primary materials as well as declassified Japanese government papers. As such, this volume will be useful to students and scholars of Japanese politics, Asian politics, and Asian history.</subfield>
  </datafield>
  <datafield tag="546" ind1=" " ind2=" ">
   <subfield code="a">Translated from the Japanese.</subfield>
  </datafield>
  <datafield tag="650" ind1=" " ind2="0">
   <subfield code="a">Japan</subfield>
   <subfield code="x">Foreign relations</subfield>
   <subfield code="z">Southeast Asia.</subfield>
  </datafield>
  <datafield tag="650" ind1=" " ind2="0">
   <subfield code="a">Southeast Asia</subfield>
   <subfield code="x">Foreign relations</subfield>
   <subfield code="z">Japan.</subfield>
  </datafield>
  <datafield tag="651" ind1=" " ind2="0">
   <subfield code="a">Japan</subfield>
   <subfield code="x">Politics and government</subfield>
   <subfield code="y">1945-.</subfield>
  </datafield>
  <datafield tag="700" ind1="1" ind2=" ">
   <subfield code="a">Hanabusa, Midori</subfield>
   <subfield code="e">translator.</subfield>
  </datafield>
  <datafield tag="905" ind1=" " ind2=" ">
   <subfield code="a">FO</subfield>
  </datafield>
  <datafield tag="852" ind1="0" ind2=" ">
   <subfield code="a">UPCEB</subfield>
   <subfield code="b">CEBU-LAHUG</subfield>
   <subfield code="h">DS 889.5 M59 2018</subfield>
  </datafield>
  <datafield tag="942" ind1=" " ind2=" ">
   <subfield code="a">Book</subfield>
  </datafield>
 </record>
</collection>
